Verbes Français à Espagnol - Statistiques

Statistiques générales
  • Ce quiz a été pris 1 465 fois
  • Le résultat moyen est 30 sur 43
Statistiques - réponses
Hint Réponse % Correct
Être Ser
93%
Parler Hablar
92%
Manger Comer
91%
Avoir Tener
91%
Aller Ir
90%
Faire Hacer
89%
Voir Ver
89%
Pouvoir Poder
88%
Boire Beber
86%
Savoir Saber
86%
Chanter Cantar
84%
Penser Pensar
83%
Venir Venir
83%
Vivre Vivir
83%
Dormir Dormir
81%
Travailler Trabajar
81%
Croire Creer
80%
Dire Decir
80%
Écouter Escuchar
80%
Vouloir Querer
80%
Danser Bailar
79%
Étudier Estudiar
79%
Comprendre Comprender
72%
Donner Dar
70%
Mettre Poner
68%
Payer Pagar
67%
Acheter Comprar
65%
Courir Correr
62%
Vendre Vender
62%
Répondre Responder
60%
Conduire Conducir
59%
Oublier Olvidar
58%
Aimer Amar
57%
Prendre Tomar
56%
Marcher Caminar
52%
Demander Preguntar
52%
Enseigner Ensenar
49%
Arriver Llegar
49%
Entendre Oir
47%
Avoir besoin de Necesitar
46%
Trouver Encontrar
36%
S'habiller Vestirse
36%
Partir Salir
30%
Aucun quiz correspondant
Distribution des résultats
% des personnes avec chaque résultat
Percentile par nombre de réponses
Votre historique - résultats
Vous n’avez pas pris ce quiz